01644cam a2200409 i 4500001002300000003000700023005001700030007000700047008004100054010001700095040004300112020001500155020001800170035001900188043001200207050001500219082001300234245012800247260003700375300002100412490002800433504002700461500002000488651004400508651004500552730003000597856009600627856010000723029002100823029001700844029002100861029002200882942000700904506015000911506015401061999001901215usgovernmenthoww00newyCaSfIA20210119105408.0cr||||790329s1978 nyu b 001 0 eng  a 79101442  aDLCcDLCdMUQdSTFdDEBSZdNLEdCaSfIA a0553124854 a9780553124859 a(OCoLC)4618201 an-us---00aJK31b.U5700a320.4/7304aThe U.S. Government :h[electronic resource] bhow and why it works /cprepared by the editors of Encyclopaedia Britannica. aNew York :bBantam Books,c1978. a381 p. ;c18 cm.0 aBantam/Britannica books aBibliography: p. [366] aIncludes index. 0aUnited StatesxPolitics and government. 6aÉtats-UnisxPolitique et gouvernement.0 aEncyclopaedia Britannica.41uhttp://www.archive.org/details/usgovernmenthoww00newyzFree eBook from the Internet Archive42uhttp://www.openlibrary.org/books/OL4440146MzAdditional information and access via Open Library1 aNLGGCb7907842461 aNZ1b40563691 aUNITYb0518830821 aUKDONb0553124854 cEB fНеобхідна авторизація на https://archive.org/ (створення облікового запису безкоштовно) fНеобхідна авторизація на https://openlibrary.org/ (створення облікового запису безкоштовно) c561585d561585